00772nam a22002057a 450000500170000001000150001702000270003203500140005903700130007308200080008624501180009426000740021227000320028630000220031870000270034070000250036794200220039299900190041495201330043320240215112610.0 aENG-139280 a9789350861998c2500.00 aEN-122812 bDBAD/PUB a954 aCustodians Of The Past/cGautam Sengupta and Abha Narain Lambah:b150 Years of the Archaeological Survey of India aNew Delhi bThe Director General Archaeological Survey of Indiac2012 aJanpath bNew Delhie110011 a220 p.c24cm(hbk) aSengupta Gautam962095 aLambah Narain962096 2ddccENh954mCUS c200753d200753 001040718REFaZLSbZLSd2024-02-15eDBAD/PUBg2500.00l0o954 CUSpEN-122812r2024-02-15 00:00:00t1v2500.00w2024-02-15yEN